[Event "HUN-chT2 Asztalos 0910"]
[Site "Hungary"]
[Date "2010.04.11"]
[Round "9"]
[White "Bozsoki, Balazs"]
[Black "Kaszas, Kristof"]
[Result "1-0"]
[WhiteElo "1684"]
[BlackElo "1763"]
[PlyCount "59"]
[EventDate "2009.11.08"]
[EventType "team-tourn"]
[EventRounds "11"]
[EventCountry "HUN"]
[SourceTitle "EXT 2011"]
[Source "ChessBase"]
[SourceDate "2010.11.26"]
[SourceVersion "1"]
[SourceVersionDate "2010.11.26"]
[SourceQuality "1"]
[WhiteTeam "Szenna Pack"]
[BlackTeam "Decs II"]
[WhiteTeamCountry "HUN"]
[BlackTeamCountry "HUN"]

1. d4 Nf6 2. Nf3 g6 3. c4 Bg7 4. Nc3 0-0 5. Bf4 d6 6. e3 Nbd7 7. Be2 Nh5 8. Bg3 Nxg3 9. fxg3 e5 10. 0-0 f5 11. d5 e4 12. Nd4 Ne5 13. Qd2 Qe7 14. a3 Bd7 15. b4 Rfd8 16. Rac1 c5 17. bxc5 dxc5 18. Nb3 Nf7 19. Rfd1 Nd6 20. Nxc5 Nxc4 21. d6 Qf7 22. Bxc4 Qxc4 23. Nd5 Qb5 24. Nc7 Qc6 25. Nxa8 Rxa8 26. Nxd7 Qxd7 27. Rc7 Qb5 28. Qa2+ Kh8 29. Qf7 Qe5 30. Re7 1-0